000 00662nam a2200229Ia 4500
003 OSt
005 20221006163808.0
006 a|||||r|||| 00| 0
007 ta
008 221006b |||||||| |||| 00| 0 hin d
024 _a1,895
037 _cTextual
040 _aFML
_cFML
_bhin
041 _2hin
_ahin
082 _aV2, J7.2
100 _aNeelkantha Shastri K A Ed.
_9675790
245 0 _aComprehensive History of India
_b Mauryas and Satavahans
260 _aNew Delhi
_bPeople's Publishing House
_c1957
300 _aVarious Page
_ccm.
942 _hV2, J7.2
_cTEXL
_2CC
999 _c1115294
_d1115294